Las cinco tentaciones de un gerente : (Registro nro. 37943)
[ vista simple ]
| 000 -CABECERA | |
|---|---|
| campo de control de longitud fija | 00824nam a2200217 a 4500 |
| 001 - NÚMERO DE CONTROL | |
| campo de control | 000038453 |
| 003 - IDENTIFICADOR DEL NÚMERO DE CONTROL | |
| campo de control | OSt |
| 005 - FECHA Y HORA DE LA ÚLTIMA TRANSACCIÓN | |
| campo de control | 20201008134823.0 |
| 008 - DATOS DE LONGITUD FIJA--INFORMACIÓN GENERAL | |
| campo de control de longitud fija | 130411s2006 dr 000 0 spa d |
| 020 ## - NÚMERO INTERNACIONAL ESTÁNDAR DEL LIBRO | |
| Número Internacional Estándar del Libro | 9580472823 |
| 040 ## - FUENTE DE LA CATALOGACIÓN | |
| Centro catalogador/agencia de origen | DO-SdBNP |
| Lengua de catalogación | spa |
| Centro/agencia transcriptor | DO-SdBNP |
| 100 ## - ENTRADA PRINCIPAL--NOMBRE DE PERSONA | |
| Nombre de persona | Lencioni, Patrick |
| 9 (RLIN) | 64795 |
| 240 ## - TÍTULO UNIFORME | |
| Título uniforme | The five temptations of a ceo |
| Lenguaje de la obra | Español |
| 245 #4 - MENCIÓN DE TÍTULO | |
| Título | Las cinco tentaciones de un gerente : |
| Resto del título | una fábula sobre el liderazgo / |
| Mención de responsabilidad, etc. | Patrick Lencioni ; traducción Adriana de Hassan. |
| 260 ## - PUBLICACIÓN, DISTRIBUCIÓN, ETC. | |
| Lugar de publicación, distribución, etc. | Santo Domingo : |
| Nombre del editor, distribuidor, etc. | Norma, |
| Fecha de publicación, distribución, etc. | 2006. |
| 300 ## - DESCRIPCIÓN FÍSICA | |
| Extensión | 150 p. ; |
| Dimensiones | 22 cm. |
| 505 0# - NOTA DE CONTENIDO CON FORMATO | |
| Título | Introducción -- |
| -- | La fábula -- |
| -- | Epílogo -- |
| -- | El modelo : resumen de las razones por las cuales fracasan los ejecutivos -- |
| -- | Autoevaluación -- |
| 590 ## - NOTA LOCAL (RLIN) | |
| Nota local | Inventariado,2020/VM |
| 700 1# - PUNTO DE ACCESO ADICIONAL--NOMBRE DE PERSONA | |
| Nombre de persona | Hassan, Adriana |
| Término indicativo de función/relación | tr. |
| 9 (RLIN) | 64796 |
| 942 ## - ELEMENTOS DE PUNTO DE ACCESO ADICIONAL (KOHA) | |
| Fuente del sistema de clasificación o colocación | Dewey Decimal Classification |
| Tipo de ítem Koha | Libros y folletos |
| Estado de retiro | Estado de pérdida | Fuente del sistema de clasificación o colocación | No para préstamo | Código de colección | Localización permanente | Ubicación/localización actual | Ubicación en estantería | Fecha de adquisición | Fuente de adquisición | Número de inventario | Total de préstamos | Signatura topográfica completa | Código de barras | Fecha visto por última vez | Precio válido a partir de | Tipo de ítem Koha | Número de copia |
|---|---|---|---|---|---|---|---|---|---|---|---|---|---|---|---|---|---|
| Dewey Decimal Classification | Patrimonio Dominicano | Biblioteca Nacional Pedro Henríquez Ureña | Patrimonio Dominicano | Orden iniciada | 11.04.2013 | FUNDI | LF1 | 38453-10 | 25.06.2020 | 25.06.2020 | Libro y Folleto Colección Patrimonio Dominicano | ||||||
| Dewey Decimal Classification | Préstamo restrigido | Patrimonio Dominicano | Biblioteca Nacional Pedro Henríquez Ureña | Patrimonio Dominicano | Orden iniciada | 11.04.2013 | Yadira González | LF1 | 2020-0135 | 08.10.2020 | 25.06.2020 | Libro y Folleto Colección Patrimonio Dominicano | e.2 |
